[Event "NED-ch U13"]
[Site "Rijswijk"]
[Date "2008.05.03"]
[Round "8"]
[White "Vos, Tjark"]
[Black "Van Overdam, Jan"]
[Result "1/2-1/2"]
[WhiteElo "1591"]
[BlackElo "1737"]
[PlyCount "66"]
[EventDate "2008.05.01"]
[EventType "swiss"]
[EventRounds "9"]
[EventCountry "NED"]
[SourceTitle "EXT 2010"]
[Source "ChessBase"]
[SourceDate "2010.11.25"]
[SourceVersion "1"]
[SourceVersionDate "2010.11.25"]
[SourceQuality "1"]

1. e4 c5 2. Nf3 Nc6 3. d4 cxd4 4. Nxd4 g6 5. Be3 Bg7 6. c4 Nf6 7. Nc3 d6 8. Be2 0-0 9. 0-0 Nxd4 10. Bxd4 Be6 11. f4 Qa5 12. Nd5 Bxd5 13. exd5 Rfc8 14. b3 a6 15. f5 Nd7 16. Bxg7 Kxg7 17. fxg6 hxg6 18. Bg4 Rd8 19. Bxd7 Rxd7 20. Qg4 Rdd8 21. Rae1 Qc7 22. Re2 Qd7 23. Qd4+ f6 24. Re6 Rf8 25. Rf4 Qc7 26. Rg4 Kf7 27. Qe3 Rh8 28. Qd3 Rag8 29. Rge4 Re8 30. Rg4 Reg8 31. Rge4 Re8 32. Qe3 b6 33. Kh1 Qb7 1/2-1/2

[Event "NED-ch U13"]
[Site "Rijswijk"]
[Date "2008.05.02"]
[Round "4"]
[White "Ducarmon, Renzo"]
[Black "Van Overdam, Jan"]
[Result "0-1"]
[WhiteElo "1350"]
[BlackElo "1737"]
[PlyCount "38"]
[EventDate "2008.05.01"]
[EventType "swiss"]
[EventRounds "9"]
[EventCountry "NED"]
[SourceTitle "EXT 2010"]
[Source "ChessBase"]
[SourceDate "2010.11.25"]
[SourceVersion "1"]
[SourceVersionDate "2010.11.25"]
[SourceQuality "1"]

1. e4 c5 2. Nc3 g6 3. f4 Bg7 4. Nf3 Nc6 5. Be2 d6 6. 0-0 e6 7. d3 Nge7 8. Be3 b6 9. d4 cxd4 10. Nxd4 0-0 11. Bb5 Bb7 12. Bxc6 Bxc6 13. Nxc6 Nxc6 14. f5 Qe7 15. Rb1 exf5 16. Bf4 Bd4+ 17. Kh1 fxe4 18. Nb5 Be5 19. Bh6 Qh4 0-1

[Event "NED-ch U13"]
[Site "Rijswijk"]
[Date "2008.05.02"]
[Round "6"]
[White "Witsenburg, Tom"]
[Black "Van Overdam, Jan"]
[Result "0-1"]
[WhiteElo "1550"]
[BlackElo "1737"]
[PlyCount "86"]
[EventDate "2008.05.01"]
[EventType "swiss"]
[EventRounds "9"]
[EventCountry "NED"]
[SourceTitle "EXT 2010"]
[Source "ChessBase"]
[SourceDate "2010.11.25"]
[SourceVersion "1"]
[SourceVersionDate "2010.11.25"]
[SourceQuality "1"]

1. e4 c5 2. Nf3 Nc6 3. d4 cxd4 4. Nxd4 g6 5. Nc3 Bg7 6. Nxc6 bxc6 7. Be3 d6 8. Be2 Nf6 9. 0-0 0-0 10. h3 Qc7 11. Qd2 Rd8 12. f4 Bb7 13. f5 d5 14. fxg6 hxg6 15. exd5 cxd5 16. Bf2 d4 17. Nd1 Ne4 18. Qd3 Nxf2 19. Nxf2 e5 20. Ne4 f5 21. Qc4+ Qxc4 22. Bxc4+ Bd5 23. Bxd5+ Rxd5 24. Nd2 Rc8 25. Rac1 Rdc5 26. c3 dxc3 27. Nb3 R5c7 28. bxc3 Rxc3 29. Rxc3 Rxc3 30. Rd1 Rc2 31. Rd6 Rxa2 32. Rxg6 Kf7 33. Rc6 e4 34. g4 Ra3 35. Rc7+ Kg8 36. Rb7 f4 37. Kf1 e3 38. Ke2 Ra2+ 39. Kd3 e2 40. Re7 f3 41. Nd2 f2 42. Kxe2 Rxd2+ 43. Kf1 Bd4 0-1

[Event "NED-ch U13"]
[Site "Rijswijk"]
[Date "2008.05.01"]
[Round "3"]
[White "Van Overdam, Jan"]
[Black "Beerdsen, Thomas"]
[Result "1-0"]
[WhiteElo "1737"]
[BlackElo "1533"]
[PlyCount "53"]
[EventDate "2008.05.01"]
[EventType "swiss"]
[EventRounds "9"]
[EventCountry "NED"]
[SourceTitle "EXT 2010"]
[Source "ChessBase"]
[SourceDate "2010.11.25"]
[SourceVersion "1"]
[SourceVersionDate "2010.11.25"]
[SourceQuality "1"]

1. c4 Nf6 2. Nc3 e6 3. g3 d5 4. cxd5 exd5 5. d3 c6 6. Bg2 Bb4 7. Bd2 Bf5 8. Nf3 Nbd7 9. 0-0 0-0 10. a3 Bc5 11. b4 Bd6 12. Qb3 Re8 13. Rfc1 Ne5 14. b5 Qb6 15. Be3 Qc7 16. bxc6 bxc6 17. Nd4 Reb8 18. Qd1 Be6 19. Ncb5 Qd7 20. Nxd6 Qxd6 21. Bf4 c5 22. Bxe5 Qxe5 23. Nc6 Qd6 24. Nxb8 Rxb8 25. Rab1 Rxb1 26. Rxb1 Bf5 27. e4 1-0